书目信息 |
| 题名: |
建筑设计常用规范条文速查手册
|
|
| 作者: | 王东贺 编 | |
| 分册: | ||
| 出版信息: | 北京 机械工业出版社 2017 |
|
| 页数: | 245页 | |
| 开本: | 26cm | |
| 丛书名: | ||
| 单 册: | ||
| 中图分类: | TU202-62 | |
| 科图分类: | ||
| 主题词: | 建筑设计--建筑规范--中国--手册 | |
| 电子资源: | ||
| ISBN: | 978-7-111-56505-5 | |
| 000 | 00942nam0 2200217 450 | |
| 001 | 3483 | |
| 005 | 20180527161609.76 | |
| 010 | @a978-7-111-56505-5@dCNY49.00 | |
| 100 | @a20170802d2017 em y0chiy50 ea | |
| 101 | 0 | @achi |
| 102 | @aCN@b110000 | |
| 105 | @ay z 000yy | |
| 200 | 1 | @a建筑设计常用规范条文速查手册@9jian zhu she ji chang yong gui fan tiao wen su cha shou ce@f王东贺编 |
| 210 | @a北京@c机械工业出版社@d2017 | |
| 215 | @a245页@d26cm | |
| 330 | @a本书按照建筑设计一般规定、建筑设计基础知识、场地设计和竖向设计、建筑防火和防烟设施设置、室内安全疏散、建筑无障碍设计,楼梯和楼梯间、电梯、门窗、卫生间、建筑防水排水、建筑结构和抗震、建筑节能、绿色建筑等建筑设计基本元素,对现行常用的几十本建筑法规,建筑设计规范、规程的相关条文进行了分类整理和重新编排。 | |
| 606 | 0 | @a建筑设计@x建筑规范@y中国@j手册 |
| 690 | @aTU202-62@v5 | |
| 701 | 0 | @a王东贺@9wang dong he@4编 |
| 801 | 0 | @aCN@b91MARC@c20170802 |
| 905 | @aMuseLib@dTU202-62@e1410 | |
| 建筑设计常用规范条文速查手册/王东贺编.-北京:机械工业出版社,2017 |
| 245页;26cm |
| ISBN 978-7-111-56505-5:CNY49.00 |
| 本书按照建筑设计一般规定、建筑设计基础知识、场地设计和竖向设计、建筑防火和防烟设施设置、室内安全疏散、建筑无障碍设计,楼梯和楼梯间、电梯、门窗、卫生间、建筑防水排水、建筑结构和抗震、建筑节能、绿色建筑等建筑设计基本元素,对现行常用的几十本建筑法规,建筑设计规范、规程的相关条文进行了分类整理和重新编排。 |
| ● |
| 相关链接 |
|
|
|
|
正题名:建筑设计常用规范条文速查手册
索取号:TU202-62/1410
 
预约/预借
| 序号 | 登录号 | 条形码 | 馆藏地/架位号 | 状态 | 备注 |
| 1 | 1109380 | 211093804 | 第二样本阅览室/ [索取号:TU202-62/1410] | 在馆 | |
| 2 | 1109381 | 211093813 | 教育系资料室/ [索取号:TU202-62/1410] | 在馆 | |
| 3 | 1109382 | 211093822 | 教育系资料室/ [索取号:TU202-62/1410] | 在馆 | |
| 4 | 1109383 | 211093831 | 第三借阅区/ [索取号:TU202-62/1410] | 在馆 |